|
|
|
|
| LEADER |
00000nas a2200000 i 4500 |
| 001 |
ssj0001078048 |
| 003 |
WaSeSS |
| 005 |
20200512172242.0 |
| 006 |
m d |
| 007 |
cr n |
| 008 |
140107u20uuuuuune a| p|s|||||| |0eng d |
| 035 |
|
|
|a (WaSeSS)ssj0001078048
|
| 040 |
|
|
|a WaSeSS
|b eng
|c WaSeSS
|d WaSeSS
|
| 050 |
1 |
4 |
|a BR1
|
| 245 |
0 |
0 |
|a Studies in world christianity and interreligious relations
|h [electronic resource].
|
| 260 |
|
|
|a Amsterdam, Netherlands :
|b Editions Rodopi B. V.
|
| 310 |
|
|
|a Annual
|
| 506 |
|
|
|a License restrictions may limit access.
|
| 588 |
|
|
|a Description based on: (45) (2007); title from title screen (ProQuest, viewed Jan. 7, 2014).
|
| 588 |
|
|
|a Latest issue consulted: (47) (2011)(viewed Jan. 7, 2014).
|
| 650 |
|
0 |
|a Theology
|v Periodicals.
|
| 650 |
|
0 |
|a Christianity
|v Periodicals.
|
| 650 |
|
0 |
|a Religion
|v Periodicals.
|
| 655 |
|
0 |
|a Electronic journals.
|
| 776 |
0 |
8 |
|i Print version:
|t Studies in world christianity and interreligious relations
|x 1873-9229
|
| 780 |
1 |
0 |
|t Kerk en theologie in context
|x 0922-9086
|
| 856 |
4 |
0 |
|z Full text available from Research Library: 01/01/2007 to 01/31/2014
|u https://search.proquest.com/publication/76037
|